Normal view
MARC view
- MATHEMATICAL MODELLING SURFACE LAYERS AND COATINGS SUPERCONDUCTORS AND OXIDES BINARY AND SUPER ALLOYS
Entry Topical Term
001 - CONTROL NUMBER
- control field: 77434
003 - CONTROL NUMBER IDENTIFIER
- control field: NUST
005 - DATE AND TIME OF LATEST TRANSACTION
- control field: 20210628205913.0
008 - FIXED-LENGTH DATA ELEMENTS
- fixed length control field: 210628|| aca||aabn | a|a d
040 ## - CATALOGING SOURCE
- Original cataloging agency: NUST
- Transcribing agency: NUST
150 ## - HEADING--TOPICAL TERM
- Topical term or geographic name entry element: MATHEMATICAL MODELLING SURFACE LAYERS AND COATINGS SUPERCONDUCTORS AND OXIDES BINARY AND SUPER ALLOYS
670 ## - SOURCE DATA FOUND
- Source citation: Work cat.: (NUST): Dr. A. Q. Khan Dr. Anwar Ul Haq Dr. Anjum Tauqir 77433, Phase transformations-96 proceedings of the first international conference on phase transformations 1-3rd sep 1996, 1996
